Statistics for Animals That Start With 'Yellow'

Click here to take the quiz!

General Stats

  • This quiz has been taken 11 times
  • The average score is 2 of 15

Answer Stats

Answer% Correct
Yellowjacket
89%
Yellow Baboon
22%
Yellow Mongoose
22%
Yellow-bellied Marmot
11%
Yellow-billed Hornbill
11%
Yellow-eyed Penguin
11%
Yellow-billed Stork
0%
Yellow-crowned Heron
0%
Yellow Ground Squirrel
0%
Yellowhammer
0%
Yellow-headed Caracara
0%
Yellow-pine Chipmunk
0%
Yellow-throated Martin
0%
Yellow-throated Spurfowl
0%
Yellow-winged Bat
0%

Score Distribution

Percentile by Number Answered

Percent of People with Each Score

Your Score History

You have not taken this quiz